000 01464nam a2200325 a 4500
001 BRCA_3188
005 20190320204144.0
008 160209s1687----enka---###---#000-0#eng-u
041 _aeng
044 _aenk
084 _a488
_b.H63
_c1687
100 1 _aCervantes Saavedra, Miguel de
_d1547-1616
_9213
245 1 0 _aThe History of the Most Renowned Don Quixote of Mancha and his Trusty Squire Sancho Pancha
_cMiguel de Cervantes Saavedra.
260 _aLondres
_bTho. Hodgkin
_c1687
300 _a1 v. (en varias paginaciones)
_bil.
_c33 cm.
500 _aContenido : Primera parte. Versos preliminares. Prefacio del traductor. Texto. Segunda parte. Texto
500 _aEdición : Now Made English According to the Humour of our Modern Language and Adorned with Several Cooper Plates by F. P. Phillips
500 _aEjemplar por completo igual al LO-488. Piel Lúdovik Osterc
500 _aEstado físico : La edición presenta ambas pastas desprendidas y se encuentra guardada en caja protectora
500 _aQM401
546 _aTexto en : inglés
650 1 4 _aNovela española
_yÉpoca clásica, 1500-1700
_9215
650 1 4 _aLiteratura española
_yÉpoca clásica, 1500-1700
_9216
650 1 4 _aNovela española
_ySiglo XVII
_9217
650 1 4 _aDon Quijote (Personaje ficticio)
_eNovela
_9218
700 1 _aPhillips, John
_d1631-1706
_eTraductor
_98560
740 0 _aEl Ingenioso Hidalgo Don Quijote de la Mancha
902 _aQFM
942 _2lcc
_cB
999 _c2924
_d2924